[Event "Turkish Club Cup 2019"]
[Site "Konya"]
[Date "2019.07.20"]
[Round "7"]
[White "Sen, Nehir"]
[Black "Temel, Burcu Melis"]
[Result "0-1"]
[WhiteElo "1307"]
[BlackElo "1790"]
[Annotator "NA"]
[PlyCount "136"]
[EventDate "2019.07.16"]
[EventType "team-tourn"]
[EventCountry "TUR"]
[SourceTitle "playchess.com"]
[Source "ChessBase"]
[SourceQuality "1"]

1. Nf3 Nf6 2. e3 b6 3. b3 Bb7 4. Bb2 g6 5. Be2 Bg7 6. O-O O-O 7. c4 c5 8. d4 d6 9. Nc3 Na6 10. Rc1 Nc7 11. Rc2 Qd7 12. Rd2 Rfd8 13. Qa1 Qe8 14. Rfd1 Rab8 15. d5 a6 16. Bd3 Bh6 17. Ne2 Nd7 18. Bc2 Bf8 19. Ng3 e5 20. dxe6 fxe6 21. e4 e5 22. h3 Ne6 23. Ne2 Nf6 24. Qb1 Nd4 25. Nexd4 exd4 26. Re1 Nd7 27. b4 Ne5 28. Nxe5 dxe5 29. bxc5 Bxc5 30. Qd1 Bb4 31. Bb3 Kg7 32. Rd3 Qe7 33. Re2 Qh4 34. f3 Qg3 35. Qf1 Bc8 36. Qf2 Qg5 37. h4 Qf6 38. Bc1 h6 39. f4 Bg4 40. Rc2 Rb7 41. Ba4 Rf7 42. g3 a5 43. fxe5 Qxe5 44. Qg2 Rdf8 45. Bf4 Qe6 46. c5 Bh3 47. Qe2 Bg4 48. Qg2 Bh3 49. Qe2 Rxf4 50. gxf4 Rxf4 51. Rc1 Rxe4 52. Qf3 Bxc5 53. Qxh3 Qxh3 54. Rxh3 d3+ 55. Kf1 Rxa4 56. Rxd3 Rxh4 57. Kg2 g5 58. Rf1 Re4 59. Rd2 Kg6 60. Rf3 g4 61. Rf1 h5 62. Rh1 Re5 63. Kg3 Kg5 64. Rd3 Rf5 65. Rd2 Rf3+ 66. Kg2 Rf5 67. Kg3 Re5 68. Rhh2 Be3 0-1

[Event "Turkish Club Cup 2019"]
[Site "Konya"]
[Date "2019.07.20"]
[Round "7"]
[White "Haktanirlar, Zeren"]
[Black "Eraslan, Ecem"]
[Result "1/2-1/2"]
[WhiteElo "1294"]
[BlackElo "1397"]
[Annotator "NA"]
[PlyCount "120"]
[EventDate "2019.07.16"]
[EventType "team-tourn"]
[EventCountry "TUR"]
[SourceTitle "playchess.com"]
[Source "ChessBase"]
[SourceQuality "1"]

1. d4 d5 2. c4 c6 3. cxd5 cxd5 4. Nc3 Nf6 5. f3 Nc6 6. e4 e6 7. e5 Nd7 8. Be3 Qb6 9. Qd2 Ndxe5 10. dxe5 d4 11. Bxd4 Nxd4 12. Nge2 Nxe2 13. Bxe2 Bd7 14. O-O-O Bc6 15. Kb1 Bb4 16. Ka1 Qa5 17. Qd4 Bxc3 18. Qxc3 Qxc3 19. bxc3 Ke7 20. Rd2 Rhd8 21. Rhd1 Ba4 22. Rxd8 Rxd8 23. Rxd8 Kxd8 24. Kb2 Kc7 25. Ka3 Bc6 26. Kb4 Kb6 27. g3 a5+ 28. Kb3 Kc5 29. f4 b5 30. Bd3 g6 31. a3 Bd5+ 32. Kb2 Bc4 33. Be4 a4 34. Kc2 Bb3+ 35. Kd2 Bd5 36. Bd3 Bc4 37. Be4 Bf1 38. Kc2 Bc4 39. Kd2 Kb6 40. Kc2 Kc7 41. Kd2 Kb6 42. Kc2 Kc5 43. Kd2 Bd5 44. Bd3 Bg2 45. Kc2 Bh3 46. Kb2 Bf5 47. Be2 Be4 48. Kc1 Bd5 49. Kc2 Be4+ 50. Kc1 h5 51. Kd2 Bd5 52. Kc2 Bb7 53. Kd2 Ba6 54. Kc2 Kb6 55. Bf3 Kc5 56. Be2 Bb7 57. Kd2 Ba6 58. Kc2 Kb6 59. Bf3 Kc7 60. Kd2 Kb6 1/2-1/2

[Event "Turkish Club Cup 2019"]
[Site "Konya"]
[Date "2019.07.20"]
[Round "7"]
[White "Kucuk, Aybike"]
[Black "Sahin, Hayrun Nisa"]
[Result "0-1"]
[WhiteElo "1266"]
[BlackElo "1772"]
[Annotator "NA"]
[PlyCount "126"]
[EventDate "2019.07.16"]
[EventType "team-tourn"]
[EventCountry "TUR"]
[SourceTitle "playchess.com"]
[Source "ChessBase"]
[SourceQuality "1"]

1. e4 c5 2. c3 d5 3. exd5 Qxd5 4. d4 g6 5. Na3 cxd4 6. cxd4 Bg7 7. Nb5 Na6 8. Be3 Nf6 9. Nc3 Qd8 10. Bc4 O-O 11. Nge2 Nb4 12. a3 Nbd5 13. Bg5 Be6 14. Nxd5 Bxd5 15. Bxd5 Qxd5 16. Bxf6 Bxf6 17. O-O Rfd8 18. Re1 Rd7 19. Qa4 a5 20. Rad1 b5 21. Qc2 b4 22. Qa4 Rb8 23. Rc1 bxa3 24. bxa3 Bxd4 25. Nxd4 Qxd4 26. Qxa5 Rb2 27. Qa8+ Kg7 28. Qf3 Qf6 29. Qxf6+ Kxf6 30. Ra1 Rdd2 31. Rf1 Kg7 32. a4 Ra2 33. Rxa2 Rxa2 34. Re1 Rxa4 35. f3 e6 36. Kf2 Ra2+ 37. Kg3 Kf6 38. Re4 g5 39. h4 h5 40. hxg5+ Kxg5 41. Re5+ Kg6 42. Kh3 Rb2 43. Kg3 Rb1 44. Kh2 Rc1 45. Rb5 Re1 46. Rb8 Kg5 47. Rg8+ Kf4 48. Rh8 Re5 49. Rh6 Rf5 50. Kh3 Ke3 51. Kh4 Kf2 52. g4 hxg4 53. fxg4 Rf3 54. Kg5 e5 55. Rf6 e4 56. Rh6 e3 57. Rh2+ Kf1 58. Rh1+ Kg2 59. Re1 Kf2 60. Rh1 e2 61. Rh2+ Ke3 62. Rh1 Rf1 63. Rh3+ Ke4 0-1

[Event "Turkish Club Cup 2019"]
[Site "Konya"]
[Date "2019.07.20"]
[Round "7"]
[White "Sarac, Ayca"]
[Black "Tuncer, Duru"]
[Result "0-1"]
[WhiteElo "1142"]
[BlackElo "1520"]
[Annotator "NA"]
[PlyCount "106"]
[EventDate "2019.07.16"]
[EventType "team-tourn"]
[EventCountry "TUR"]
[SourceTitle "playchess.com"]
[Source "ChessBase"]
[SourceQuality "1"]

1. d4 d5 2. c4 e6 3. Nc3 Nf6 4. Nf3 Nbd7 5. Bf4 c6 6. e3 Be7 7. Qc2 O-O 8. Be2 dxc4 9. Bxc4 Nb6 10. Bd3 Nbd5 11. Nxd5 exd5 12. h3 h6 13. O-O Be6 14. Rab1 Rc8 15. b4 Bd6 16. Bxd6 Qxd6 17. Ne5 Nd7 18. Nf3 b6 19. Qa4 Rc7 20. Rfc1 c5 21. bxc5 bxc5 22. dxc5 Nxc5 23. Qa3 Rfc8 24. Nd4 Ne4 25. Qb2 Rxc1+ 26. Rxc1 Nc5 27. Be2 Ne4 28. Rxc8+ Bxc8 29. Bd3 Qb6 30. Qc2 Bb7 31. Qb3 Nc5 32. Qxb6 axb6 33. Bb5 Kf8 34. Kf1 g6 35. Nf3 Ke7 36. Ne5 Ne4 37. Ba4 g5 38. Nc6+ Kf6 39. Nd4 Nd6 40. Ke2 Nf5 41. Nxf5 Kxf5 42. g4+ Ke5 43. Kd3 Ba6+ 44. Kd2 Bf1 45. Ke1 Bxh3 46. f3 f5 47. Bd7 fxg4 48. fxg4 h5 49. a4 Bxg4 50. Bxg4 hxg4 51. Kf1 Ke4 52. Kf2 g3+ 53. Kxg3 Kxe3 0-1

[Event "Turkish Club Cup 2019"]
[Site "Konya"]
[Date "2019.07.20"]
[Round "7"]
[White "Vanlioglu, Ece"]
[Black "Yalcin, Sudenaz"]
[Result "1-0"]
[WhiteElo "1096"]
[BlackElo "1371"]
[Annotator "NA"]
[PlyCount "93"]
[EventDate "2019.07.16"]
[EventType "team-tourn"]
[EventCountry "TUR"]
[SourceTitle "playchess.com"]
[Source "ChessBase"]
[SourceQuality "1"]

1. e4 c5 2. Nf3 d6 3. d4 cxd4 4. Nxd4 Nf6 5. Nc3 Nc6 6. Bb5 Bd7 7. Nxc6 bxc6 8. Bd3 g6 9. Bf4 Bg7 10. Qd2 Rb8 11. Rb1 Qa5 12. O-O O-O 13. Bh6 Qe5 14. Bxg7 Kxg7 15. h3 c5 16. Rfe1 Qd4 17. Qe2 Qe5 18. Bc4 Nh5 19. Qf3 Nf4 20. Nd5 Ne6 21. c3 Nd8 22. Qe3 e6 23. f4 Qh5 24. g4 Qh4 25. Nc7 Qe7 26. Qd3 Rb6 27. Nb5 Bxb5 28. Bxb5 Qb7 29. c4 a6 30. Ba4 Rxb2 31. Qc3+ f6 32. Qxb2 Qe7 33. Bc2 Kg8 34. Rbd1 f5 35. exf5 Qh4 36. Qc3 gxf5 37. Rxd6 fxg4 38. Rd7 Nf7 39. Re3 Qh6 40. Rg3 Nh8 41. Rxg4+ Ng6 42. Qe5 a5 43. Qxe6+ Kh8 44. Bxg6 Rxf4 45. Rd8+ Rf8 46. Qf6+ Qg7 47. Rxf8# 1-0

[Event "Turkish Club Cup 2019"]
[Site "Konya"]
[Date "2019.07.20"]
[Round "8"]
[White "Kinsiz, Onur"]
[Black "Mecit, Emre"]
[Result "1/2-1/2"]
[WhiteElo "2210"]
[BlackElo "2065"]
[Annotator "NA"]
[PlyCount "60"]
[EventDate "2019.07.16"]
[EventType "team-tourn"]
[EventCountry "TUR"]
[SourceTitle "playchess.com"]
[Source "ChessBase"]
[SourceQuality "1"]

1. e4 e6 2. d4 d5 3. exd5 exd5 4. Bd3 Bd6 5. Ne2 c6 6. O-O Nf6 7. Bf4 O-O 8. h3 Na6 9. c3 Bxf4 10. Nxf4 Nc7 11. Nd2 Ne6 12. Nxe6 Bxe6 13. Re1 Re8 14. Nf3 Nd7 15. Qd2 Nf8 16. Ne5 f6 17. Nf3 Qd7 18. Re2 Bf7 19. Rae1 Rxe2 20. Rxe2 Re8 21. Rxe8 Qxe8 22. Qe3 Qe6 23. Qxe6 Nxe6 24. g3 Bg6 25. Bxg6 hxg6 26. Kf1 g5 27. Ke2 Kf7 28. h4 gxh4 29. Nxh4 g6 30. Ng2 f5 1/2-1/2

[Event "Turkish Club Cup 2019"]
[Site "Konya"]
[Date "2019.07.20"]
[Round "8"]
[White "Dogan, Ali Ekber"]
[Black "Celiker, Yakup"]
[Result "1-0"]
[WhiteElo "2200"]
[BlackElo "1930"]
[Annotator "NA"]
[PlyCount "111"]
[EventDate "2019.07.16"]
[EventType "team-tourn"]
[EventCountry "TUR"]
[SourceTitle "playchess.com"]
[Source "ChessBase"]
[SourceQuality "1"]

1. d4 d5 2. c4 c6 3. Nf3 Nf6 4. e3 g6 5. Nc3 Bg7 6. Be2 O-O 7. O-O Re8 8. b4 Bg4 9. cxd5 Nxd5 10. Nxd5 cxd5 11. h3 Bf5 12. Qb3 Nc6 13. Bb2 a6 14. a3 Qd6 15. Rac1 h6 16. Rc5 Be6 17. Rfc1 Red8 18. a4 f5 19. Ba3 Bf7 20. b5 Na5 21. Qc3 Qb6 22. Bb4 Nc4 23. Rxc4 dxc4 24. Ba5 Qe6 25. Bxd8 axb5 26. axb5 Rxd8 27. Bxc4 Qxc4 28. Qxc4 Bxc4 29. Rxc4 Rd7 30. Rc5 Kf7 31. Kf1 Bf6 32. Ke2 Ke6 33. Nd2 Rd5 34. Nb3 Kd6 35. Kd3 e6 36. Kc4 Bd8 37. Rc8 Kd7 38. Rb8 Kc7 39. Ra8 Rd6 40. Nc5 g5 41. g4 b6 42. Nd3 Kb7 43. Ra2 Bf6 44. Nb4 Rd8 45. Nc6 Ra8 46. Rxa8 Kxa8 47. d5 fxg4 48. hxg4 exd5+ 49. Kxd5 Kb7 50. Ke6 Bb2 51. Kd7 Ba3 52. f3 Bc5 53. e4 Ba3 54. e5 Bc5 55. e6 Ba3 56. e7 1-0

[Event "Turkish Club Cup 2019"]
[Site "Konya"]
[Date "2019.07.20"]
[Round "8"]
[White "Gokcek, Kursat Bugra"]
[Black "Caputcuoglu, Zeki Berke"]
[Result "1/2-1/2"]
[WhiteElo "2150"]
[BlackElo "2010"]
[Annotator "NA"]
[PlyCount "51"]
[EventDate "2019.07.16"]
[EventType "team-tourn"]
[EventCountry "TUR"]
[SourceTitle "playchess.com"]
[Source "ChessBase"]
[SourceQuality "1"]

1. d4 Nf6 2. c4 g6 3. Nc3 Bg7 4. e4 d6 5. h3 O-O 6. Bg5 c5 7. d5 h6 8. Be3 e6 9. Bd3 exd5 10. exd5 Re8 11. Nf3 Na6 12. O-O Nc7 13. Qd2 Kh7 14. Rfe1 Bd7 15. Bf4 Rxe1+ 16. Rxe1 Qf8 17. Re2 Re8 18. Rxe8 Bxe8 19. Qe1 Bd7 20. Bd2 Be8 21. Bf4 Bd7 22. Bd2 Be8 23. Bf4 Bd7 24. Bd2 Be8 25. Bf4 Bd7 26. Bd2 1/2-1/2

[Event "Turkish Club Cup 2019"]
[Site "Konya"]
[Date "2019.07.20"]
[Round "8"]
[White "Ererdem, Gani Eren"]
[Black "Ersahin, Bulent"]
[Result "1/2-1/2"]
[WhiteElo "2140"]
[BlackElo "2179"]
[Annotator "NA"]
[PlyCount "124"]
[EventDate "2019.07.16"]
[EventType "team-tourn"]
[EventCountry "TUR"]
[SourceTitle "playchess.com"]
[Source "ChessBase"]
[SourceQuality "1"]

1. d4 Nf6 2. Nf3 c5 3. e3 g6 4. dxc5 Bg7 5. Nbd2 Qa5 6. a3 Qxc5 7. b4 Qc7 8. Bb2 O-O 9. c4 a5 10. Be2 axb4 11. axb4 Rxa1 12. Qxa1 b6 13. O-O Bb7 14. Nd4 Nc6 15. Nb5 Qb8 16. Bc3 Rc8 17. Qb2 Ne8 18. Bxg7 Nxg7 19. Nf3 Na7 20. Nxa7 Qxa7 21. Ra1 Qb8 22. Nd2 Ne6 23. h3 d5 24. cxd5 Bxd5 25. Bf3 Bxf3 26. Nxf3 Qd6 27. Qb3 Rd8 28. Qb2 Qd5 29. Ra7 Ng5 30. Nxg5 Qxg5 31. Ra1 Qd5 32. Rc1 Ra8 33. Qc2 Ra2 34. Qc8+ Kg7 35. Qc3+ e5 36. Qc7 Qe6 37. Rc2 Ra1+ 38. Rc1 Rxc1+ 39. Qxc1 Qd6 40. b5 Kf6 41. Qc8 h5 42. Qh8+ Ke7 43. Qc8 Qc5 44. Qb7+ Ke6 45. Qa6 Kf6 46. Kh2 h4 47. Qa4 g5 48. Qb3 e4 49. Kg1 Qe5 50. Qc4 Ke7 51. Qc6 Qe6 52. Qc7+ Kf6 53. Qd8+ Kf5 54. g4+ hxg3 55. fxg3 f6 56. g4+ Kg6 57. Qf8 Qf7 58. Qd8 Qe6 59. Qf8 Kh7 60. Kh1 Kg6 61. Kg1 Qf7 62. Qd8 Qe6 1/2-1/2

[Event "Turkish Club Cup 2019"]
[Site "Konya"]
[Date "2019.07.20"]
[Round "8"]
[White "Ozdover, Mustafa Berkay"]
[Black "Cetinkaya, Vedat Ali"]
[Result "1-0"]
[WhiteElo "2130"]
[BlackElo "2074"]
[Annotator "NA"]
[PlyCount "47"]
[EventDate "2019.07.16"]
[EventType "team-tourn"]
[EventCountry "TUR"]
[SourceTitle "playchess.com"]
[Source "ChessBase"]
[SourceQuality "1"]

1. e4 c6 2. d4 d5 3. Nc3 dxe4 4. Nxe4 Nd7 5. Nf3 Ngf6 6. Ng3 e6 7. Bd3 Bd6 8. O-O Qc7 9. c4 b6 10. Qe2 O-O 11. Ne4 h6 12. Nxd6 Qxd6 13. Rd1 c5 14. dxc5 Qxc5 15. Bf4 Qc6 16. Nd4 Qb7 17. Nb5 Qc6 18. Nd4 Qb7 19. Bd6 Rd8 20. b4 Nf8 21. Be5 N8h7 22. Nb5 Bd7 23. Nd6 Qa6 24. a4 1-0

[Event "Turkish Club Cup 2019"]
[Site "Konya"]
[Date "2019.07.20"]
[Round "8"]
[White "Gulsoy, Mustafa Alpago"]
[Black "Guner, Sati Emre"]
[Result "0-1"]
[WhiteElo "2069"]
[BlackElo "1912"]
[Annotator "NA"]
[PlyCount "74"]
[EventDate "2019.07.16"]
[EventType "team-tourn"]
[EventCountry "TUR"]
[SourceTitle "playchess.com"]
[Source "ChessBase"]
[SourceQuality "1"]

1. e4 e5 2. Nf3 Nc6 3. d4 exd4 4. Bc4 Nf6 5. e5 d5 6. Bb5 Ne4 7. Nxd4 Bc5 8. O-O O-O 9. Bxc6 bxc6 10. f3 f6 11. exf6 Qxf6 12. Be3 Nd6 13. b3 Ba6 14. Re1 Rae8 15. c3 Nb5 16. Nc2 Rxe3 17. Nxe3 Re8 18. Qd2 Qf4 19. Kf2 d4 20. cxd4 Bxd4 21. a4 Nd6 22. g3 Qf6 23. Qa5 Bxe3+ 24. Rxe3 Rxe3 25. Kxe3 Qxa1 26. Qxa6 Qxb1 27. Qxc6 Qxb3+ 28. Kd2 Nc4+ 29. Ke1 Qb1+ 30. Kf2 Qc2+ 31. Kg1 Qc1+ 32. Kf2 Qe3+ 33. Kg2 Qd2+ 34. Kg1 Qe1+ 35. Kg2 Ne3+ 36. Kh3 Qf1+ 37. Kh4 Qc4+ 0-1

[Event "Turkish Club Cup 2019"]
[Site "Konya"]
[Date "2019.07.20"]
[Round "8"]
[White "Cingoz, Ozan"]
[Black "Benk, Tolga Tugay"]
[Result "1-0"]
[WhiteElo "2030"]
[BlackElo "1844"]
[Annotator "NA"]
[PlyCount "67"]
[EventDate "2019.07.16"]
[EventType "team-tourn"]
[EventCountry "TUR"]
[SourceTitle "playchess.com"]
[Source "ChessBase"]
[SourceQuality "1"]

1. d4 Nf6 2. Nf3 e6 3. g3 b6 4. Bg2 Bb7 5. O-O Be7 6. c4 d5 7. Nc3 O-O 8. cxd5 exd5 9. Bf4 Nbd7 10. Rc1 a6 11. Qc2 Rc8 12. Rfd1 Re8 13. Ne5 Nf8 14. Na4 Bd6 15. Nd3 Ne6 16. e3 Re7 17. Bxd6 Qxd6 18. Qb3 Rce8 19. Nc3 Rd8 20. Rc2 h5 21. Rdc1 h4 22. Ne2 hxg3 23. hxg3 Ng5 24. Nef4 Ng4 25. Qb4 Nf6 26. Qxd6 cxd6 27. Nb4 Nge4 28. Nc6 Bxc6 29. Rxc6 g5 30. Nd3 Rb8 31. Rc8+ Re8 32. Rxe8+ Rxe8 33. Rc6 Rb8 34. Nb4 1-0

[Event "Turkish Club Cup 2019"]
[Site "Konya"]
[Date "2019.07.20"]
[Round "8"]
[White "Kucuk, Dogan"]
[Black "Kul, Ozdemir Efe"]
[Result "1/2-1/2"]
[WhiteElo "2028"]
[BlackElo "1974"]
[Annotator "NA"]
[PlyCount "115"]
[EventDate "2019.07.16"]
[EventType "team-tourn"]
[EventCountry "TUR"]
[SourceTitle "playchess.com"]
[Source "ChessBase"]
[SourceQuality "1"]

1. b3 f5 2. Bb2 Nf6 3. g3 d6 4. d4 g6 5. Bg2 Bg7 6. Nd2 Nbd7 7. e4 fxe4 8. Nxe4 Nxe4 9. Bxe4 c6 10. Qd2 a5 11. Ne2 d5 12. Bg2 e5 13. O-O O-O 14. Rad1 Qe7 15. Ba1 e4 16. f3 Nf6 17. Nc3 exf3 18. Bxf3 Ng4 19. Rde1 Qb4 20. Nb1 Bh6 21. Qc3 Qxc3 22. Bxc3 Ne3 23. Rf2 Nf5 24. g4 Nd6 25. a4 Bg5 26. Rff1 b6 27. Bd2 Bf6 28. c3 Ba6 29. Be2 Bxe2 30. Rxe2 Ne4 31. Bf4 Nxc3 32. Nxc3 Bxd4+ 33. Be3 Rxf1+ 34. Kxf1 Bxc3 35. Bxb6 Rb8 36. Bc5 Bb4 37. Rc2 Bxc5 38. Rxc5 Rxb3 39. Rxc6 Rb4 40. Rc5 Rxa4 41. Rxd5 Ra2 42. h4 h6 43. Rd6 Kg7 44. Rd7+ Kf6 45. Rd6+ Kf7 46. Rd7+ Ke6 47. Rh7 Kf6 48. Ra7 Rh2 49. g5+ hxg5 50. hxg5+ Kxg5 51. Rxa5+ Kg4 52. Ra3 Kh5 53. Kg1 Rb2 54. Rc3 g5 55. Ra3 g4 56. Rc3 Kh4 57. Ra3 g3 58. Ra8 1/2-1/2

[Event "Turkish Club Cup 2019"]
[Site "Konya"]
[Date "2019.07.20"]
[Round "8"]
[White "Guner, Bulent"]
[Black "Guder, Eyup Sabri"]
[Result "1/2-1/2"]
[WhiteElo "1979"]
[BlackElo "1909"]
[Annotator "NA"]
[PlyCount "73"]
[EventDate "2019.07.16"]
[EventType "team-tourn"]
[EventCountry "TUR"]
[SourceTitle "playchess.com"]
[Source "ChessBase"]
[SourceQuality "1"]

1. d4 c5 2. d5 e5 3. e4 d6 4. Nc3 Be7 5. Bb5+ Nd7 6. a4 Bg5 7. Nf3 Bxc1 8. Qxc1 Ne7 9. O-O O-O 10. Bd3 Ng6 11. Qe3 Nf6 12. Ne2 Ng4 13. Qg5 Qc7 14. c4 h6 15. Qd2 a5 16. Ng3 Nf4 17. Ne2 Nxd3 18. Qxd3 f5 19. Nc3 Qe7 20. Ra3 f4 21. Nb5 g5 22. h3 Nf6 23. Nh2 h5 24. f3 Rf7 25. Kf2 g4 26. fxg4 hxg4 27. Ke1 Rg7 28. Nxg4 Nxg4 29. hxg4 Rxg4 30. Qe2 Qh4+ 31. Kd2 Qg5 32. Kc2 Rxg2 33. Rf2 Rg1 34. Nxd6 Bg4 35. Raf3 Rg3 36. Rxg3 fxg3 37. Qd2 1/2-1/2

[Event "Turkish Club Cup 2019"]
[Site "Konya"]
[Date "2019.07.20"]
[Round "8"]
[White "Cakiroglu, Metin"]
[Black "Mollaoglu, Ergin"]
[Result "1/2-1/2"]
[WhiteElo "1970"]
[BlackElo "2309"]
[Annotator "NA"]
[PlyCount "68"]
[EventDate "2019.07.16"]
[EventType "team-tourn"]
[EventCountry "TUR"]
[SourceTitle "playchess.com"]
[Source "ChessBase"]
[SourceQuality "1"]

1. c4 e5 2. Nc3 Nc6 3. g3 Nf6 4. Bg2 Bc5 5. d3 d6 6. Nf3 O-O 7. O-O h6 8. a3 a5 9. Nd5 Nxd5 10. cxd5 Nd4 11. Nxd4 exd4 12. Bf3 Bh3 13. Re1 Qd7 14. Bd2 Rae8 15. b4 axb4 16. Bxb4 Re5 17. Qb3 b6 18. Ra2 Rfe8 19. Qd1 Qf5 20. Bd2 Rxd5 21. Bf4 Qe6 22. Qb3 Re5 23. Qxe6 Bxe6 24. Raa1 Rf5 25. Be4 Rf6 26. Bc6 Re7 27. e4 dxe3 28. Bxe3 Bxe3 29. Rxe3 d5 30. Bxd5 Rd7 31. Be4 Bd5 32. Kg2 Rfd6 33. Rc1 f5 34. Bxd5+ Rxd5 1/2-1/2

[Event "Turkish Club Cup 2019"]
[Site "Konya"]
[Date "2019.07.20"]
[Round "8"]
[White "Akcan, Umit"]
[Black "Guven, Oguz Kagan"]
[Result "1/2-1/2"]
[WhiteElo "1960"]
[BlackElo "2142"]
[Annotator "NA"]
[PlyCount "179"]
[EventDate "2019.07.16"]
[EventType "team-tourn"]
[EventCountry "TUR"]
[SourceTitle "playchess.com"]
[Source "ChessBase"]
[SourceQuality "1"]

1. e4 c5 2. Nf3 Nc6 3. Bb5 g6 4. Bxc6 dxc6 5. d3 Bg7 6. h3 e5 7. Be3 b6 8. Qd2 h6 9. Nc3 Ne7 10. O-O f5 11. exf5 gxf5 12. Rfe1 Qd6 13. Qe2 O-O 14. Bf4 exf4 15. Qxe7 Qxe7 16. Rxe7 Rf7 17. Rae1 Bd7 18. Rxf7 Kxf7 19. Ne5+ Bxe5 20. Rxe5 Kf6 21. Re1 Re8 22. Rxe8 Bxe8 23. f3 Ke5 24. Ne2 Bf7 25. b3 b5 26. Kf2 b4 27. Ke1 Be6 28. Kd2 Bc8 29. g3 fxg3 30. f4+ Kd5 31. Nxg3 Kd4 32. Ne2+ Kd5 33. Ke3 Bd7 34. c4+ Kd6 35. Ng1 Be8 36. Nf3 Bh5 37. Ne5 a5 38. Kd2 Be8 39. Nf3 Bh5 40. Ne1 Ke6 41. Nc2 Kd6 42. Ne3 Ke6 43. Ke1 Bf3 44. Kf2 Bh5 45. Ke1 Bf3 46. Kd2 Bh5 47. Nf1 Kd6 48. Ng3 Bg6 49. h4 Ke6 50. Ke3 Kd6 51. Ke2 Ke6 52. Kd2 Ke7 53. Ke3 Kd6 54. h5 Bh7 55. Ne2 Bg8 56. Ng3 Be6 57. Kd2 Bd7 58. Ke3 Be6 59. Ne2 Bf7 60. Ng3 Be6 61. Ke2 Bd7 62. Kd2 Be6 63. Kc2 Bd7 64. Kb2 Be6 65. a4 Bd7 66. Kc2 Be6 67. Kd2 Bd7 68. Ke3 Be6 69. Kf3 Bd7 70. Kg2 Be6 71. Kh3 Bd7 72. Ne2 Be6 73. Ng1 Bf7 74. Kh4 Be8 75. Nf3 Bf7 76. Ne5 Be8 77. Nf3 Bf7 78. Nd2 Be8 79. Nf1 Bf7 80. Ng3 Be6 81. Kh3 Bd7 82. Kg2 Be6 83. Kh2 Bd7 84. Kh3 Be6 85. Kh4 Bd7 86. Ne2 Be6 87. Ng1 Bf7 88. Nf3 Be8 89. Ne5 Ke6 90. Nf3 1/2-1/2

[Event "Turkish Club Cup 2019"]
[Site "Konya"]
[Date "2019.07.20"]
[Round "8"]
[White "Sayin, Atakan"]
[Black "Yasin, Hur"]
[Result "0-1"]
[WhiteElo "1925"]
[BlackElo "1953"]
[Annotator "NA"]
[PlyCount "96"]
[EventDate "2019.07.16"]
[EventType "team-tourn"]
[EventCountry "TUR"]
[SourceTitle "playchess.com"]
[Source "ChessBase"]
[SourceQuality "1"]

1. e4 c5 2. Nf3 a6 3. c4 Nc6 4. d4 cxd4 5. Nxd4 Qc7 6. Nc3 e6 7. Be3 Nf6 8. f3 Bb4 9. Qb3 Qa5 10. Be2 d5 11. Nxc6 bxc6 12. O-O O-O 13. Na4 Rb8 14. Qc2 Bd6 15. c5 Be7 16. a3 Qc7 17. Nb6 Bb7 18. Rad1 Rfd8 19. b4 e5 20. Bd3 h6 21. Bc1 Nd7 22. Nxd7 Rxd7 23. Qe2 a5 24. exd5 cxd5 25. Bb1 Bc6 26. Qc2 Bf6 27. Bd2 axb4 28. axb4 g6 29. Ba2 Bg7 30. Bb3 Ra8 31. Ra1 Rdd8 32. Rxa8 Rxa8 33. Qd3 Qb7 34. Re1 Ra3 35. Qc2 Kh7 36. Qb2 Ra8 37. Qc2 f5 38. Ba2 e4 39. fxe4 fxe4 40. Bc1 Qxb4 41. Bd2 Bd4+ 42. Kh1 Qxc5 43. Qb3 Qa3 44. Rxe4 dxe4 45. Qf7+ Bg7 46. Bxh6 Kxh6 47. Qf4+ Kh7 48. Qh4+ Bh6 0-1

[Event "Turkish Club Cup 2019"]
[Site "Konya"]
[Date "2019.07.20"]
[Round "8"]
[White "Oz, Ozan"]
[Black "Cevrin, Muhammet Cemre"]
[Result "1-0"]
[WhiteElo "1923"]
[BlackElo "1860"]
[Annotator "NA"]
[PlyCount "67"]
[EventDate "2019.07.16"]
[EventType "team-tourn"]
[EventCountry "TUR"]
[SourceTitle "playchess.com"]
[Source "ChessBase"]
[SourceQuality "1"]

1. d4 Nf6 2. Bf4 d5 3. e3 c5 4. c3 Nc6 5. Nd2 Bf5 6. Qb3 Qd7 7. Ngf3 c4 8. Qd1 e6 9. Nh4 Be7 10. Be2 Ne4 11. Nxf5 exf5 12. Nxe4 fxe4 13. b3 b5 14. a4 Na5 15. b4 Nb7 16. f3 exf3 17. Bxf3 O-O 18. axb5 g5 19. Be5 f6 20. Bg3 f5 21. h3 h5 22. Bxh5 Bd6 23. Bf2 Bc7 24. Ra6 Bb6 25. Bg3 f4 26. exf4 gxf4 27. Bh4 Nd6 28. O-O Ne4 29. Be1 Qh7 30. Qg4+ Kh8 31. Bg6 Qh6 32. Qe6 Qg5 33. Bxe4 Rae8 34. Qxd5 1-0

[Event "Turkish Club Cup 2019"]
[Site "Konya"]
[Date "2019.07.20"]
[Round "8"]
[White "Yanik, Emine"]
[Black "Alev, Gonulden Seda"]
[Result "1/2-1/2"]
[WhiteElo "1911"]
[BlackElo "1579"]
[Annotator "NA"]
[PlyCount "68"]
[EventDate "2019.07.16"]
[EventType "team-tourn"]
[EventCountry "TUR"]
[SourceTitle "playchess.com"]
[Source "ChessBase"]
[SourceQuality "1"]

1. d4 d5 2. c4 e6 3. Nc3 Nf6 4. Bg5 c6 5. e3 Be7 6. Nf3 dxc4 7. Bxc4 O-O 8. O-O Nbd7 9. Qc2 c5 10. Rfd1 Qa5 11. dxc5 Qxc5 12. Bd3 b6 13. a3 h6 14. Bh4 Bb7 15. Nd4 Rac8 16. Rac1 a6 17. Qd2 Qh5 18. Bg3 Nd5 19. Nce2 Bh4 20. Bd6 Rfe8 21. e4 e5 22. Nf3 Re6 23. Bxe5 Nxe5 24. Nxe5 Rxe5 25. exd5 Rxc1 26. Rxc1 Re7 27. Nf4 Qe5 28. Rd1 Bg5 29. g3 Qd6 30. Re1 Rxe1+ 31. Qxe1 g6 32. Qe4 Bxf4 33. gxf4 b5 34. f5 Bxd5 1/2-1/2

[Event "Turkish Club Cup 2019"]
[Site "Konya"]
[Date "2019.07.20"]
[Round "8"]
[White "Cam, Vedat"]
[Black "Unlu, Ahmet Berkin"]
[Result "0-1"]
[WhiteElo "1907"]
[BlackElo "1806"]
[Annotator "NA"]
[PlyCount "62"]
[EventDate "2019.07.16"]
[EventType "team-tourn"]
[EventCountry "TUR"]
[SourceTitle "playchess.com"]
[Source "ChessBase"]
[SourceQuality "1"]

1. g3 Nf6 2. d3 d5 3. c3 e5 4. Bg2 Bd6 5. e4 dxe4 6. dxe4 Nc6 7. Ne2 Be6 8. h3 Qe7 9. O-O Rd8 10. Qc2 O-O 11. b4 Nb8 12. Be3 a5 13. a3 Qd7 14. Kh2 Qc6 15. bxa5 Bc5 16. Bg5 Bc4 17. f3 h6 18. Bxf6 Qxf6 19. Rh1 Nc6 20. Nc1 h5 21. h4 g5 22. hxg5 Qxg5 23. Bf1 h4 24. Qg2 Be3 25. Bxc4 hxg3+ 26. Kh3 Bxc1 27. Qxg3 Qxg3+ 28. Kxg3 Bf4+ 29. Kg4 Rd6 30. Kh3 Rg6 31. Ra2 Kg7 0-1

[Event "Turkish Club Cup 2019"]
[Site "Konya"]
[Date "2019.07.20"]
[Round "8"]
[White "Ergonen, Arda"]
[Black "Peker, Serdar"]
[Result "1/2-1/2"]
[WhiteElo "1905"]
[BlackElo "1797"]
[Annotator "NA"]
[PlyCount "120"]
[EventDate "2019.07.20"]
[EventType "team-tourn"]
[EventCountry "TUR"]
[SourceTitle "playchess.com"]
[Source "ChessBase"]
[SourceQuality "1"]

1. e4 c5 2. Nf3 d6 3. d4 cxd4 4. Qxd4 Nc6 5. Bb5 Bd7 6. Bxc6 Bxc6 7. c4 Nf6 8. Nc3 e6 9. O-O Be7 10. Re1 O-O 11. Qd3 Qc7 12. Bf4 Qb6 13. Be3 Qa5 14. h3 Nd7 15. Nd4 Ne5 16. Qe2 Qb4 17. Rac1 a6 18. a3 Qa5 19. f4 Ng6 20. g3 Bd7 21. h4 Rfe8 22. Nb3 Qc7 23. Nd2 Bf8 24. Qf2 Bc6 25. b4 Qd7 26. Bb6 d5 27. h5 Ne7 28. Nf3 dxc4 29. Ne5 Qc8 30. Nxc4 Rd8 31. Bxd8 Qxd8 32. Red1 Qe8 33. Ne5 f6 34. Nxc6 Nxc6 35. Qe2 Qf7 36. Na4 Re8 37. Kg2 Kh8 38. Nc5 h6 39. Rd7 Re7 40. Rcd1 e5 41. Rxe7 Qxe7 42. Rd7 Qe8 43. Rxb7 Nd4 44. Qg4 exf4 45. gxf4 Nc2 46. Qe2 Nd4 47. Qd3 Bxc5 48. bxc5 Ne6 49. Qd7 Qg8 50. Qd6 Kh7 51. c6 Qe8 52. Re7 Qxh5 53. Qd2 Qg4+ 54. Kf2 Qh4+ 55. Kf1 Qh1+ 56. Kf2 Qh2+ 57. Ke1 Qh1+ 58. Kf2 Qh2+ 59. Ke1 Qh1+ 60. Kf2 Qh2+ 1/2-1/2